Financial forensics body of knowledge / (Record no. 600100)

000 -LEADER
fixed length control field 00346nam a2200121Ia 4500
008 - FIXED-LENGTH DATA ELEMENTS--GENERAL INFORMATION
fixed length control field 230907s9999||||xx |||||||||||||| ||und||
082 ## - DEWEY DECIMAL CLASSIFICATION NUMBER
Classification number 363.256
Author Mark DOR
100 ## - MAIN ENTRY--PERSONAL NAME
Personal name Dorrell, Darrell D.
9 (RLIN) 115900
245 #0 - TITLE STATEMENT
Title Financial forensics body of knowledge /
260 ## - PUBLICATION, DISTRIBUTION, ETC.
Place of publication, distribution, etc. John Wiley & Sons,
Name of publisher, distributor, etc. Hoboken, N.J. :
Date of publication, distribution, etc. 2012
300 ## - PHYSICAL DESCRIPTION
Extent xvi, 541 p. :
942 ## - ADDED ENTRY ELEMENTS (KOHA)
Koha item type Book
Holdings
Withdrawn status Lost status Damaged status Not for loan Permanent Location Current Location Date acquired Total Checkouts Full call number Barcode Date last seen Price effective from Koha item type
        US-Pakistan Center for Advanced Studies in Energy (USPCAS-E) US-Pakistan Center for Advanced Studies in Energy (USPCAS-E) 10/25/2019   363.256 DOR CAS-E0004199 09/12/2023 09/12/2023 Book
© 2023 Central Library, National University of Sciences and Technology. All Rights Reserved.